000 00821nam a2200277Ia 4500
003 OSt
005 20220918110404.0
006 a|||||r|||| 00| 0
007 ta
008 220915b |||||||| |||| 00| 0 eng d
024 _a85874
037 _cReference Collections
040 _aARTS
_cARTS
_beng
041 _2eng
_aeng
082 _aS:86g, L1;L8(RR)
100 _aGarfield Sol L Ed.
_97505
245 0 _aHandbook of psychotherapy and behavior change
_b empirical analysis
250 _a2nd
260 _aNew York
_bJohn Wiley USA
_c1978
300 _axvi,1024p.
500 _aIncludes bib
650 _aPSYCHOTHERAPY
_97506
700 _a Bergin Allen E Ed.
_97507
942 _hS:86g, L1;L8(RR)
_cREF
999 _c112530
_d112530